| 000 | 00420nam a2200157 i 4500 | ||
|---|---|---|---|
| 001 | 71571 | ||
| 003 | ES-MaACL | ||
| 005 | 20230906171151.0 | ||
| 007 | t| | ||
| 008 | 040812s1958 sp ||||1| spa d | ||
| 245 | 0 | 0 | _aGeografía de Catalunya. |
| 260 |
_aBarcelona : _bAedos, _c[1958] |
||
| 300 |
_a1 v., 3 lám. : _bil. ; _c23 cm. |
||
| 651 | 4 |
_aCataluña- _xGeografía. _98011 |
|
| 852 |
_aES-MaACL _jP-1027-bis _bR.44893 |
||
| 999 |
_c71571 _d71571 |
||